Education, education, education the best bits of Ted Wragg

Պահպանված է:
Մատենագիտական մանրամասներ
Հիմնական հեղինակ: WRAGG, Ted
Ձևաչափ: Գիրք
Լեզու:անգլերեն
Հրապարակվել է: Routledge Falmer 2004
Ցուցիչներ: Ավելացրեք ցուցիչ
Չկան պիտակներ, Եղեք առաջինը, ով նշում է այս գրառումը!

MARC

LEADER 00000nam a22000007a 4500
008 211027b ||||| |||| 00| 0 eng d
020 |a 9780415335515 
100 |a WRAGG, Ted 
245 |a Education, education, education  |b the best bits of Ted Wragg  |c Ted Wragg  |g VII, 172p. 
260 |b Routledge Falmer  |c 2004  |h London  |i 648031  |l LA 632 W92  |m Education --- Great Britain 
942 |a lcc  |c BK  |e Adeyeye Y. S.  |f 27/10/21 
952 |0 0  |1 0  |2 lcc  |4 0  |7 0  |9 3703  |a HOL  |b HOL  |c LP  |d 2021-10-27  |o LA 632 .W92  |p 2021-67438  |r 2021-10-27 00:00:00  |w 2021-10-27  |y BK 
999 |c 1843  |d 1843